Central Library OPAC University of Rajshahi

Automatic control and computer engineering / (Record no. 17432)

MARC details
000 -LEADER
fixed length control field 00714cas a2200241u| 4500
001 - CONTROL NUMBER
control field 17432
003 - CONTROL NUMBER IDENTIFIER
rucl marc code BD-RjUL
005 - DATE AND TIME OF LATEST TRANSACTION
control field 20211209000134.0
008 - FIXED-LENGTH DATA ELEMENTS--GENERAL INFORMATION
fixed length control field 140217s1961 enka |||||||||||| ||eng|
035 ## - SYSTEM CONTROL NUMBER
System control number (BD-RjUL)17490
040 ## - CATALOGING SOURCE
Original cataloging agency DLC
Transcribing agency CarP
Modifying agency DLC
-- BD-RjUL
Language of cataloging eng
041 ## - LANGUAGE CODE
Language code of text/sound track or separate title eng
082 00 - DEWEY DECIMAL CLASSIFICATION NUMBER
Edition number 21
Classification number 681.142
Author mark and year AUT 1961
245 00 - TITLE STATEMENT
Title Automatic control and computer engineering /
Statement of responsibility, etc. Editor V. V. Solodovikov.
Number of part/section of a work Volume I
260 ## - PUBLICATION, DISTRIBUTION, ETC. (IMPRINT)
Place of publication, distribution, etc. Oxford;
-- New York :
Name of publisher, distributor, etc. Pergamon Press,
Date of publication, distribution, etc. 1961.
300 ## - PHYSICAL DESCRIPTION
Pagination ix, 502 p. :
Illustrations illus. ;
Size 26 cm.
650 #0 - SUBJECT ADDED ENTRY--TOPICAL TERM
Topical term or geographic name as entry element Automatic control.
9 (RLIN) 53706
Topical term or geographic name as entry element Computers.
9 (RLIN) 53707
700 1# - ADDED ENTRY--PERSONAL NAME
Personal name Solodovikov, V. V.
942 ## - ADDED ENTRY ELEMENTS (KOHA)
Source of classification or shelving scheme Dewey Decimal Classification
Koha item type Books
Holdings
Lost status Source of classification or shelving scheme Damaged status Not for loan Collection code Permanent Location Current Location Shelving location Date acquired Source of acquisition Cost, normal purchase price Total Checkouts Full call number Date last seen Copy number Koha item type
  Dewey Decimal Classification     Non-fiction Central Library, University of Rajshahi Central Library, University of Rajshahi   30/09/1970 Swets and Zeitlinger 116.00   681.142 AUT V-1 1961 17/02/2014 C-3 Books
  Dewey Decimal Classification     Non-fiction Central Library, University of Rajshahi Central Library, University of Rajshahi   30/09/1970 Swets & Zeitlinger 116.00   681.142 AUT 1963 V-2 24/11/2019 C-3 Books
  Dewey Decimal Classification   Not For Loan Non-fiction Central Library, University of Rajshahi Central Library, University of Rajshahi Reading Room 30/09/1970 Swets & Zeitlinger 116.00   681.142 AUT 1961V-1 24/11/2019 C-1 Books
  Dewey Decimal Classification     Non-fiction Central Library, University of Rajshahi Central Library, University of Rajshahi   30/09/1970 Swets & Zeitlinger 116.00   681.142 AUT 1961V-1 24/11/2019 C-2 Books
  Dewey Decimal Classification   Not For Loan Non-fiction Central Library, University of Rajshahi Central Library, University of Rajshahi Reading Room 30/09/1970 Swets & Zeitlinger 116.00   681.142 AUT 1963 V-2 24/11/2019 C-1 Books
  Dewey Decimal Classification     Non-fiction Central Library, University of Rajshahi Central Library, University of Rajshahi   30/09/1970 Swets & Zeitlinger 116.00   681.142 AUT 1963 V-2 24/11/2019 C-2 Books
  Dewey Decimal Classification     Non-fiction Central Library, University of Rajshahi Central Library, University of Rajshahi   30/09/1970 Swets & Zeitlinger 116.00   681.142 AUT 1966 V-3 24/11/2019 C-2 Books
  Dewey Decimal Classification   Not For Loan Non-fiction Central Library, University of Rajshahi Central Library, University of Rajshahi Reading Room 30/09/1970 Swets & Zeitlinger 116.00   681.142 AUT 1966 V-3 24/11/2019 C-1 Books